000 00704nam a2200253Ia 4500
003 OSt
005 20220918175128.0
006 a|||||r|||| 00| 0
007 ta
008 220917b |||||||| |||| 00| 0 eng d
024 _a15,819
037 _cTextual
040 _aARTS
_cARTS
_beng
041 _2eng
_aeng
082 _aO111:g(P:75), M5
100 _aKahn Victoria Ann
_953011
245 0 _aRhetoric, prudence and skepticism in the renaissance
260 _aIthaca
_bCornell Univ Press
_c1985
300 _a243p.
_ccm.
500 _aIncludes index
650 _aENGLISH LITERATURE
942 _hO111:g(P:75), M5
_cTEXL
_2CC
999 _c156215
_d156215